Железобетонные конструкции: учебное пособие

Dades bibliogràfiques
Autor principal: Журавская Т. А. Татьяна Анатольевна
Sumari:Учебное пособие представлено в виде расширенного опорного конспекта с практическими примерами. Предназначено для групп как дневного, так и вечернего отделений строительных специальностей среднего профессионального образования (дисциплина Строительные конструкции , специальность 270802 Строительство и эксплуатация зданий и сооружений ). К пособию прилагается компакт-диск, содержащий дополнительные учебные материалы для самостоятельного изучения.
Idioma:rus
Publicat: Москва, Форум, 2011
Matèries:
Format: MixedMaterials
KOHA link:https://koha.lib.tpu.ru/cgi-bin/koha/opac-detail.pl?biblionumber=197631

MARC

LEADER 00000nmm0a2200000 4500
001 197631
005 20231101224751.0
010 |a 9785911345365 
035 |a (RuTPU)RU\TPU\book\215584 
090 |a 197631 
100 |a 20110615d2011 m y0rusy50 ca 
101 0 |a rus 
102 |a RU 
105 |a a j 001zy 
200 1 |a Железобетонные конструкции  |e учебное пособие  |f Т. А. Журавская 
210 |a Москва  |c Форум  |d 2011 
215 |a 152 с.  |c ил.  |e CD-I 
320 |a Библиогр.: с. 148. 
330 |a Учебное пособие представлено в виде расширенного опорного конспекта с практическими примерами. Предназначено для групп как дневного, так и вечернего отделений строительных специальностей среднего профессионального образования (дисциплина Строительные конструкции , специальность 270802 Строительство и эксплуатация зданий и сооружений ). К пособию прилагается компакт-диск, содержащий дополнительные учебные материалы для самостоятельного изучения. 
606 1 |a Железобетонные конструкции  |2 stltpush  |3 (RuTPU)RU\TPU\subj\10630  |9 37672 
610 1 |a железобетон 
610 1 |a изгибаемые элементы 
610 1 |a прочность 
610 1 |a расчеты 
610 1 |a сжатые элементы 
610 1 |a практические примеры 
610 1 |a учебные пособия 
610 1 |a CD-I 
675 |a 624.012.45(075.32)  |v 3 
700 1 |a Журавская  |b Т. А.  |g Татьяна Анатольевна 
801 1 |a RU  |b 63413507  |c 20110615 
801 2 |a RU  |b 63413507  |c 20221209  |g RCR 
900 |a Строительные материалы, конструкции и машины 
942 |c MX 
951 |b 270800 
959 |a 61/20110615  |d 1  |e 194,90  |f ЧЗТЛ:1